00850nam a2200205 i 4500001000700000003000900007007000300016008004100019080002400060245026100084260004200345300002200387490003600409500002900445651005800474700002100532700002200553830003600575852003300611105432ES-MaACLt|060711s1964 fr ||||1| fre d a947"1917/21"(093.2)04aLes Bolchéviks et la révolution d'octobre b: procès verbaux du Comité central du Parti ouvrier social-démocrate russe (bolchévique), août 1917-février 1918 / cIntroduction et notes de Giuseppe Boffa ; traduit du russe par Catherine Paris. aParis : bFrançois Maspero, c1964. a365 p. ; c22 cm.1 aBibliothèque socialiste ; v4 aBiblioteca Juan Andrade. 4aRusia-xHistoria-y1917-1921, Revolución-vFuentes.1 aBoffa, Giuseppe.1 aParis, Catherine.0 aBibliothèque socialiste ; v4 aES-MaACLjAND-227 bR.109547